Memoria del curso de 1888 y de los Juegos Florales / (Record no. 151604)

MARC details
000 -LEADER
campo de control de longitud fija 01079nam a2200241 i 4500
001 - NÚMERO DE CONTROL
campo de control 151604
003 - IDENTIFICADOR DE NÚMERO DE CONTROL
campo de control ES-MaACL
005 - FECHA Y HORA DE LA ÚLTIMA TRANSACCIÓN
campo de control 20230906204303.0
008 - DATOS DE LONGITUD FIJA--INFORMACIÓN GENERAL
campo de control de longitud fija 040831s1889 sp |||| | spa d
110 2# - ENTRADA PRINCIPAL--NOMBRE DE ENTIDAD CORPORATIVA
Nombre de entidad corporativa o nombre de jurisdicción como elemento de entrada Ateneo de Vitoria.
9 (RLIN) 1848
245 10 - MENCIÓN DEL TÍTULO
Título Memoria del curso de 1888 y de los Juegos Florales /
Mención de responsabilidad, etc. por el secretario Herminio Madinaveitia ; y discurso de clausura por el presidente J.M. Caballero.
260 ## - PUBLICACIÓN, DISTRIBUCIÓN, ETC.
Lugar de publicación, distribución, etc. Vitoria :
Nombre del editor, distribuidor, etc. [s.n.],
Fecha de publicación, distribución, etc. 1889 (
Fabricante Imp. de la Ilustración de Álava)
300 ## - DESCRIPCIÓN FÍSICA
Extensión 67 p. ;
Dimensiones 26 cm.
530 ## - NOTA DISPONIBLE DE FORMULARIO FÍSICO ADICIONAL
Nota de formato físico adicional disponible Disponible en formato digital.
594 ## - Nota al título y mención de responsabilidad
Nota al título y mención de responsabilidad Tít. del discurso de J.M. Caballero: "La higiene de la mujer"
594 ## - Nota al título y mención de responsabilidad
Nota al título y mención de responsabilidad Precede al tít.: Antecedentes.
610 24 - PUNTO DE ACCESO ADICIONAL DE MATERIA--NOMBRE DE ENTIDAD CORPORATIVA
Nombre de entidad corporativa o nombre de jurisdicción como elemento de entrada Ateneo de Vitoria-
Subdivisión de forma Memorias.
9 (RLIN) 151231
650 #4 - PUNTO DE ACCESO ADICIONAL DE MATERIA--TÉRMINO DE MATERIA
Término de materia o nombre geográfico como elemento de entrada Mujeres-
Subdivisión general Salud e higiene.
9 (RLIN) 140598
700 1# - ENTRADA AGREGADA--NOMBRE PERSONAL
Nombre de persona Caballero, José María.
9 (RLIN) 33086
700 1# - ENTRADA AGREGADA--NOMBRE PERSONAL
Nombre de persona Madinaveitia, Herminio.
9 (RLIN) 75322
852 ## - LOCALIZACIÓN
Ubicación ES-MaACL
Número de control de estantería T-522-F-6
Nota libre - Enc. hol. conservando cub. original
-- - Enc. en un vol. facticio
856 ## - LOCALIZACIÓN Y ACCESO ELECTRÓNICOS
Identificador Uniforme de Recursos <a href="http://www.liburuklik.euskadi.eus/handle/10771/25819 ">http://www.liburuklik.euskadi.eus/handle/10771/25819 </a>
Nota pública Biblioteca Digital Vasca
Holdings
Estatus retirado Estado de pérdida Estado de daño No para préstamo Colección Biblioteca de origen Biblioteca actual Ubicación en estantería Fecha de adquisición Total de préstamos Signatura topográfica completa Código de barras Visto por última vez Precio de reemplazo Tipo de ítem Koha
        Colección de folletos Biblioteca del Ateneo de Madrid Biblioteca del Ateneo de Madrid Depósito folletos 17/01/2008   T-522-F-6 1158213 23/02/2023 23/02/2023 Folleto